| 000 | 00670nam a22001937a 4500 | ||
|---|---|---|---|
| 999 |
_c178608 _d178608 |
||
| 005 | 20210407173449.0 | ||
| 010 | _aENG-129393 | ||
| 020 |
_a978-81-9447-155-4 _c185.00 |
||
| 035 | _aEN-112925 | ||
| 037 | _bDBAD/PUB | ||
| 082 | _a346.540438 | ||
| 100 | _aDinshaw Fardunji Mulla | ||
| 245 |
_aThe Registration Act/ _bDinshaw Fardunji Mulla |
||
| 250 | _a14th | ||
| 260 |
_aHaryana, India _bLexis Nexis _c2020 |
||
| 270 |
_bGurugaon _e122002 _a14th floor, Building No.10, Tower-B, DLF Cyber City, Phase-II _k911244774444 _l911244774100 _mhelp.in@lixisnexis.com |
||
| 300 |
_acxxi+948p. _c24cm(hbk) _bIncluding Index |
||
| 942 |
_2ddc _cEN _h346.540438 _mDIN |
||